Wind Energy Explained : (Record no. 15092)
[ view plain ]
| 000 -LEADER | |
|---|---|
| fixed length control field | 01449cam a2200361 a 4500 |
| 001 - CONTROL NUMBER | |
| control field | 15871783 |
| 005 - DATE AND TIME OF LATEST TRANSACTION | |
| control field | 20100723120127.0 |
| 008 - FIXED-LENGTH DATA ELEMENTS--GENERAL INFORMATION | |
| fixed length control field | 090818s2009 enka b 001 0 eng |
| 010 ## - LIBRARY OF CONGRESS CONTROL NUMBER | |
| LC control number | 2009033881 |
| 015 ## - NATIONAL BIBLIOGRAPHY NUMBER | |
| National bibliography number | GBA732849 |
| Source | bnb |
| 016 7# - NATIONAL BIBLIOGRAPHIC AGENCY CONTROL NUMBER | |
| Record control number | 013735763 |
| Source | Uk |
| 020 ## - INTERNATIONAL STANDARD BOOK NUMBER | |
| International Standard Book Number | 0470015004 (cloth) |
| 020 ## - INTERNATIONAL STANDARD BOOK NUMBER | |
| International Standard Book Number | 9780470015001 (cloth) |
| 035 ## - SYSTEM CONTROL NUMBER | |
| System control number | (OCoLC)ocn431936159 |
| 040 ## - CATALOGING SOURCE | |
| Original cataloging agency | DLC |
| Transcribing agency | DLC |
| Modifying agency | BWKUK |
| -- | BWK |
| -- | YDXCP |
| -- | CDX |
| -- | AGL |
| -- | TTU |
| -- | UKM |
| -- | BWX |
| -- | DEBBG |
| -- | DLC |
| 050 00 - LIBRARY OF CONGRESS CALL NUMBER | |
| Classification number | TJ820 |
| Item number | .M374 2009 |
| 070 0# - NATIONAL AGRICULTURAL LIBRARY CALL NUMBER | |
| Classification number | TJ820 |
| Item number | .M374 2009 |
| 082 00 - DEWEY DECIMAL CLASSIFICATION NUMBER | |
| Classification number | 621.312136 |
| Edition number | 22 |
| Item number | MAN |
| 084 ## - OTHER CLASSIFICATION NUMBER | |
| Classification number | ZP 3710 |
| Source of number | rvk |
| 100 1# - MAIN ENTRY--PERSONAL NAME | |
| Personal name | Manwell, J. F. |
| 9 (RLIN) | 22983 |
| 245 10 - TITLE STATEMENT | |
| Title | Wind Energy Explained : |
| Remainder of title | Theory, Design and Application / |
| Statement of responsibility, etc | J.F. Manwell and J.G. McGowan, Anthony Rogers. |
| 250 ## - EDITION STATEMENT | |
| Edition statement | 2nd ed. |
| 260 ## - PUBLICATION, DISTRIBUTION, ETC. (IMPRINT) | |
| Place of publication, distribution, etc | Chichester, U.K. : |
| Name of publisher, distributor, etc | Wiley, 2009 |
| Date of publication, distribution, etc | 2009. |
| 300 ## - PHYSICAL DESCRIPTION | |
| Extent | xii, 689 p. : |
| Other physical details | ill. ; |
| Dimensions | 25 cm. |
| 504 ## - BIBLIOGRAPHY, ETC. NOTE | |
| Bibliography, etc | Includes bibliographical references and index. |
| 650 #0 - SUBJECT ADDED ENTRY--TOPICAL TERM | |
| Topical term or geographic name as entry element | Wind power. |
| 9 (RLIN) | 22984 |
| 653 ## - INDEX TERM--UNCONTROLLED | |
| Resource For college | |
| Arrived date list | April2011 |
| 700 1# - ADDED ENTRY--PERSONAL NAME | |
| Personal name | McGowan, J. G. |
| 9 (RLIN) | 22985 |
| 700 1# - ADDED ENTRY--PERSONAL NAME | |
| Personal name | Rogers, Anthony L., |
| Dates associated with a name | 1948- |
| 9 (RLIN) | 22986 |
| 942 ## - ADDED ENTRY ELEMENTS (KOHA) | |
| Source of classification or shelving scheme | Dewey Decimal Classification |
| Item type | Book - Borrowing |
| Withdrawn status | Item status | Source of classification or shelving scheme | Damaged status | Not for loan | Vendor | Home library | Current library | Shelving location | Date acquired | Source of acquisition | Cost, normal purchase price | Serial Enumeration / chronology | Total Checkouts | Total Renewals | Full call number | Barcode | Checked out | Date last seen | Date last borrowed | Koha item type |
|---|---|---|---|---|---|---|---|---|---|---|---|---|---|---|---|---|---|---|---|---|
| Dewey Decimal Classification | Baccah | Central Library | Central Library | First floor | 11/04/2011 | 403.00 | 11997 | 6 | 19 | 621.312136 MAN | 000023196 | 16/04/2017 | 01/06/2015 | 01/06/2015 | Book - Borrowing |